• 首页
  • 本馆介绍
  • 公告通知
  • 最新文献
  • 馆藏检索
  • 电子资源
  • 读者导购
  • 参考咨询
  • 我的图书馆
  • 登录
  • 详细信息显示
  • 放入我的书架
  • 预约/预借图书
  • 作者相关作品
  • 分类相关作品
  • 丛书相关作品
  • 出版社相关作品

书目信息

  • 表格格式
  • 工作单格式
  • 卡片格式
题名:
宇宙中的生命之谜
    
 
作者: 张法坤 主编
分册:  
出版信息: 长春   北方妇女儿童出版社  2021.3
页数: 186页
开本: 23cm
丛书名: 畅游天文世界
单 册:
中图分类: Q693
科图分类:
主题词: 地外生命--普及读物
电子资源:
ISBN: 978-7-5385-7046-5
000 01029nam2 2200277 45
001 012001001975
005 20140913075720.0
010    @a978-7-5385-7046-5@dCNY23.80
100    @a20140220d2013 cd y0chiy0110 ea
101 0  @achi
102    @aCN@b220000
105    @aa z 000yy
106    @ar
200 1  @a宇宙中的生命之谜@f张法坤主编@Ayu zhou zhong de sheng ming zhi mi
210    @a长春@c北方妇女儿童出版社@d2021.3
215    @a186页@c图@d23cm
225 2  @a畅游天文世界
330    @a本书介绍了人类如何利用太空技术在太阳系其他地方寻找生命(现存的或已灭绝的);讨论了外空生物学(关于太空生命,涉及到了各学科领域--包括天文学、生物学和地理学等方面),以及如何利用这些技术控制无人驾驶宇宙飞船寻找地外生命,将使读者得以欣赏到关于外星生命的基本理论是如何起源的。
410  0 @12001 @a畅游天文世界
461  0 @12001 @a畅游天文世界
606 0  @a地外生命@j普及读物
690    @aQ693@v5
701  0 @a张法坤@4主编@Azhang fa kun
801  0 @aCN@bBJSDL@c20211011
830    @aShaoErDuWu
905    @b1337949-53@dQ693@e33@f5
    
    宇宙中的生命之谜/张法坤主编.-长春:北方妇女儿童出版社,2021.3
    186页:图;23cm.-(畅游天文世界)
    
    
    ISBN 978-7-5385-7046-5:CNY23.80
    本书介绍了人类如何利用太空技术在太阳系其他地方寻找生命(现存的或已灭绝的);讨论了外空生物学(关于太空生命,涉及到了各学科领域--包括天文学、生物学和地理学等方面),以及如何利用这些技术控制无人驾驶宇宙飞船寻找地外生命,将使读者得以欣赏到关于外星生命的基本理论是如何起源的。
●
相关链接 在E读中查询图书 在五车中查询图书 在当当中查询图书 在豆瓣中查询图书


正题名:宇宙中的生命之谜     索取号:Q693/33         预约/预借

序号 登录号 条形码 馆藏地/架位号 状态 备注
1 1337949   213379495   第二样本阅览室/ [索取号:Q693/33] 在馆    
2 1337950   213379501   第三借阅区/ [索取号:Q693/33] 在馆    
3 1337951   213379510   第三借阅区/ [索取号:Q693/33] 在馆    
4 1337952   213379529   第三借阅区/ [索取号:Q693/33] 在馆    
5 1337953   213379538   第三借阅区/ [索取号:Q693/33] 在馆    
唐山师范学院图书馆 欢迎您!
大连网信软件有限公司© 版权所有